[Event "Vellmar op 9th"]
[Site "Vellmar"]
[Date "2017.07.16"]
[Round "6"]
[White "Luke, Niko"]
[Black "Reitz, Theresa"]
[Result "0-1"]
[WhiteElo "1823"]
[BlackElo "1706"]
[PlyCount "60"]
[EventDate "2017.07.13"]
[EventType "swiss"]
[EventRounds "7"]
[EventCountry "GER"]
[SourceTitle "CBM 179 Extra"]
[Source "ChessBase"]
[SourceDate "2017.08.23"]
[SourceVersion "1"]
[SourceVersionDate "2017.08.23"]
[SourceQuality "1"]

1. d4 Nf6 2. c4 g6 3. f3 d5 4. cxd5 Nxd5 5. e4 Nb6 6. Be3 Bg7 7. Nc3 0-0 8. Qd2 Nc6 9. 0-0-0 e5 10. d5 Nd4 11. f4 Bg4 12. Re1 c5 13. h3 Bd7 14. fxe5 Bxe5 15. Nf3 Nxf3 16. gxf3 Qe7 17. h4 h5 18. f4 Bxc3 19. bxc3 Qxe4 20. Bg2 Qc4 21. Qe2 Qxc3+ 22. Qc2 Qa3+ 23. Kd2 Qb4+ 24. Ke2 Rfe8 25. Kf2 Nc4 26. Bc1 Bf5 27. Be4 Nd6 28. Bxf5 Nxf5 29. Reg1 Qd4+ 30. Kf1 Qxd5 0-1

[Event "Vellmar op 9th"]
[Site "Vellmar"]
[Date "2017.07.14"]
[Round "2"]
[White "Luke, Niko"]
[Black "Eggenstein, Frank"]
[Result "0-1"]
[WhiteElo "1823"]
[BlackElo "2047"]
[PlyCount "114"]
[EventDate "2017.07.13"]
[EventType "swiss"]
[EventRounds "7"]
[EventCountry "GER"]
[SourceTitle "CBM 179 Extra"]
[Source "ChessBase"]
[SourceDate "2017.08.23"]
[SourceVersion "1"]
[SourceVersionDate "2017.08.23"]
[SourceQuality "1"]

1. d4 Nf6 2. c4 g6 3. f3 Bg7 4. e4 d6 5. Be3 0-0 6. Ne2 Nbd7 7. Qd2 Re8 8. h4 h5 9. Nbc3 c5 10. 0-0-0 b6 11. e5 cxd4 12. Bxd4 dxe5 13. Bxe5 Ba6 14. Qf4 Qc8 15. Bxf6 Nxf6 16. b3 b5 17. cxb5 Bxb5 18. Kb1 Ba6 19. Rc1 Bd3+ 20. Kb2 Nd5 21. Qd2 Rd8 22. Qxd3 Nxc3 23. Nxc3 Rxd3 24. Bxd3 Qc5 25. Bc4 Rd8 26. Kb1 e6 27. Rhe1 Qf2 28. Re2 Qxh4 29. Ne4 Qf4 30. g3 Qxf3 31. Rce1 Qf5 32. Rf2 Qa5 33. Ref1 Qe5 34. Nf6+ Kh8 35. g4 h4 36. Kc2 g5 37. Re2 Qd4 38. Ref2 a5 39. Rf3 Qd2+ 40. Kb1 Qd4 41. Rd3 Qb6 42. Nd7 Qc7 43. Rxf7 Qh2 44. Ne5 Rxd3 45. Nxd3 Qg1+ 46. Nc1 Qxg4 47. Re7 Qd4 48. Re8+ Kh7 49. Bd3+ Kh6 50. Rxe6+ Bf6 51. Kc2 h3 52. Ne2 Qb2+ 53. Kd1 Qa1+ 54. Nc1 h2 55. Be4 Qd4+ 56. Ke2 Qxe4+ 57. Rxe4 h1Q 0-1